| 000 | 00608nam a22002057a 4500 | ||
|---|---|---|---|
| 999 |
_c16355 _d16355 |
||
| 003 | AR-CdUCM | ||
| 008 | 190503b ||||| |||| 00| 0 spa d | ||
| 040 |
_aMUNICIPALIDAD PROVINCIAL DEL CUSCO _cBIBLIOTECA MUNICIPAL DEL CUSCO |
||
| 082 |
_a868.532 / _bZ88 |
||
| 100 |
_aZorrilla y Moral, José _935752 |
||
| 245 | _aEl puñal del godo / | ||
| 260 | _bEdit. Continental, | ||
| 300 |
_a54 páginas ; _c17 cm. |
||
| 505 | _aContenido: Teatro español. | ||
| 650 |
_aTeatro español _9648 |
||
| 650 |
_aSiglo XIX _9971 |
||
| 650 |
_aAdaptaciones _91309 |
||
| 942 |
_2ddc _cLIBROS |
||
| 945 |
_adavv _d03/05/2019 |
||